Statistiques concernant Îles par images satellites n°2

Cliquez ici pour prendre le quiz!

Statistiques générales

  • Ce quiz a été pris 2 590 fois
  • Le résultat moyen est 8 sur 16

Statistiques - réponses

Réponse% Correct
Chypre
95%
Sri Lanka
85%
Sicile
84%
Hispaniola
69%
Manhattan
69%
Taïwan
68%
Crète
67%
Tasmanie
55%
Trinité
49%
Terre-Neuve
47%
Nord
39%
Célèbes
27%
Baffin
25%
Luçon
23%
Majorque
22%
Palm Jumeirah
13%

Distribution des résultats

Percentile par nombre de réponses

% des personnes avec chaque résultat

Votre développement - résultats

Vous n’avez pas pris ce quiz